书目信息 |
| 题名: |
论我国产业结构升级与社会充分就业
|
|
| 作者: | 廖骏 著 | |
| 分册: | ||
| 出版信息: | 北京 中国人事出版社 2014 |
|
| 页数: | 226页 | |
| 开本: | 23cm | |
| 丛书名: | ||
| 单 册: | ||
| 中图分类: | F269.24 , F249.214 | |
| 科图分类: | ||
| 主题词: | 产业结构升级--关系--劳动就业--研究--中国 , 产业结构升级 , 劳动就业 | |
| 电子资源: | ||
| ISBN: | 978-7-5129-0421-7 | |
| 000 | 01096nam0 2200265 450 | |
| 001 | 523 | |
| 005 | 20140908165300.96 | |
| 010 | @a978-7-5129-0421-7@dCNY32.00 | |
| 100 | @a20140414d2014 kemy0chiy50 ea | |
| 101 | 0 | @achi |
| 102 | @aCN@b110000 | |
| 105 | @ay z 000yy | |
| 106 | @ar | |
| 200 | 1 | @a论我国产业结构升级与社会充分就业@ALun Wo Guo Chan Ye Jie Gou Sheng Ji Yu She Hui Chong Fen Jiu Ye@f廖骏著@FLiao Jun Zhu |
| 210 | @a北京@c中国人事出版社@d2014 | |
| 215 | @a226页@d23cm | |
| 330 | @a本书将从我国三次产业结构与就业总量和就业结构的内在联系作为研究的切入点,分析改革开放以来我国产业结构升级与劳动力就业的各种相互关系,探求中国产业结构升级中就业总量和结构的变动规律和发展趋势,分析和阐明劳动力因素对产业结构升级的反作用,并对未来产业结构和就业结构进行预测,为推动我国产业结构升级和促进就业提出政策建议。 | |
| 606 | 0 | @a产业结构升级@x关系@x劳动就业@x研究@y中国 |
| 606 | 0 | @a产业结构升级 |
| 606 | 0 | @a劳动就业 |
| 690 | @aF269.24@v5 | |
| 690 | @aF249.214@v5 | |
| 701 | 0 | @a廖骏@ALiao Jun@f(1976~)@4著 |
| 801 | 0 | @aCN@bTANGWEI@c20140603 |
| 905 | @b0840962-64@dF269.24@e217@f3 | |
| 论我国产业结构升级与社会充分就业/廖骏著.-北京:中国人事出版社,2014 |
| 226页;23cm |
| ISBN 978-7-5129-0421-7:CNY32.00 |
| 本书将从我国三次产业结构与就业总量和就业结构的内在联系作为研究的切入点,分析改革开放以来我国产业结构升级与劳动力就业的各种相互关系,探求中国产业结构升级中就业总量和结构的变动规律和发展趋势,分析和阐明劳动力因素对产业结构升级的反作用,并对未来产业结构和就业结构进行预测,为推动我国产业结构升级和促进就业提出政策建议。 |
| ● |
| 相关链接 |
|
|
|
|
正题名:论我国产业结构升级与社会充分就业
索取号:F269.24/217
 
预约/预借
| 序号 | 登录号 | 条形码 | 馆藏地/架位号 | 状态 | 备注 |
| 1 | 0840962 | 208409621 | 第一样本阅览室/ [索取号:F269.24/217] | 在馆 | |
| 2 | 0840963 | 208409630 | 经管系资料室/ [索取号:F269.24/217] | 在馆 | |
| 3 | 0840964 | 208409649 | 第一借阅区/ [索取号:F269.24/217] | 在馆 |